| 000 | 00754cam a22002291 4500 | ||
|---|---|---|---|
| 001 | sa 68018994 | ||
| 003 | DLC | ||
| 005 | 20260227112716.0 | ||
| 008 | 760120s1965 io 000 0 ind | ||
| 010 | _asa 68018994 | ||
| 035 | _a(OCoLC)1937509 | ||
| 040 |
_aDLC _cOAU _dDLC |
||
| 042 | _apremarc | ||
| 050 | 0 | 0 |
_aHN710.D53 _bH3 |
| 100 | 1 | _aHady, Hariri. | |
| 245 | 1 | 0 | _aPendapat rakjat Djawa Barat di pedesaan tentang tata masjarakat jang di inginkan dari sudut-ekonomi. |
| 260 |
_aDjakarta, _bLembaga Ekonomi dan Kemasjarakatan Nasional, _c1965. |
||
| 300 |
_a 40 p. _c28 cm. |
||
| 651 | 0 |
_aJawa Barat (Indonesia) _xSocial conditions. |
|
| 650 | 0 |
_aPublic opinion _zIndonesia _zJawa Barat. |
|
| 651 | 0 |
_aJawa Barat (Indonesia) _xEconomic conditions. |
|
| 999 |
_c88760 _d88760 |
||